World Subdivision Outlines (Medium) - Statistics

General Stats
  • This quiz has been taken 96 times
  • The average score is 29 of 48
Answer Stats
Picture Hint Answer % Correct
to reveal the Country of the subdivision, type "2" Japan
90%
to reveal the First Letter of the subdivision, type "1" C
89%
to reveal the First Letter of the subdivision, type "3" A
82%
to reveal the Country of the subdivision, type "4" India
78%
to reveal the Country of the subdivision, type "6" Argentina
77%
to reveal the Country of the subdivision, type "10" Ireland
76%
to reveal the Country of the subdivision, type "14" Mauritania
76%
to reveal the Country of the subdivision, type "8" Poland
76%
to reveal the First Letter of the subdivision, type "7" W M
76%
to reveal the Country of the subdivision, type "32" Bangladesh
74%
to reveal the Country of the subdivision, type "12" Chad
74%
to reveal the Country of the subdivision, type "28" Nicaragua
74%
to reveal the Country of the subdivision, type "30" China
73%
to reveal the Country of the subdivision, type "16" Dominican Republic
73%
to reveal the First Letter of the subdivision, type "5" J
73%
to reveal the Country of the subdivision, type "20" Turkey
73%
to reveal the Country of the subdivision, type "26" DRC
71%
to reveal the First Letter of the subdivision, type "9" W
71%
to reveal the Country of the subdivision, type "24" Indonesia
70%
to reveal the First Letter of the subdivision, type "27" R S J
70%
to reveal the Country of the subdivision, type "18" Russia
70%
to reveal the Country of the subdivision, type "22" Serbia
70%
to reveal the First Letter of the subdivision, type "13" A
67%
to reveal the First Letter of the subdivision, type "25" H K
67%
to reveal the First Letter of the subdivision, type "31" B
66%
to reveal the First Letter of the subdivision, type "17" K
66%
to reveal the First Letter of the subdivision, type "29" S
66%
to reveal the First Letter of the subdivision, type "15" S J
66%
to reveal the First Letter of the subdivision, type "23" B B
65%
Izmir Province (Turkey)
65%
to reveal the First Letter of the subdivision, type "11" T
63%
to reveal the First Letter of the subdivision, type "21" V
63%
to reveal the First Letter of the subdivision, type "19" I
62%
Assam State (India)
60%
Jujuy Province (Argentina)
48%
Shandong Province (China)
45%
Bangka Belitung Province (Indonesia)
44%
Karelia Republic (Russia)
44%
San Juan Province (Dominican Republic)
44%
Vojvodina Automonous Province (Serbia)
40%
Waterford County (Ireland)
30%
Barisal Division (Bangladesh)
29%
Chugoku Region (Japan)
29%
Rio San Juan Province (Nicaragua)
27%
Haut Katanga Province (DRC)
22%
Tibesti Region (Chad)
20%
Warmian Masurian Voivodeship (Poland)
20%
Adrar Region (Mauritania)
11%
No matching quizzes found
Score Distribution
Percent of People with Each Score
Percentile by Number Answered
Your Score History
You have not taken this quiz